Les Adversaires de Spider-Man - Statistiques

Statistiques générales
  • Ce quiz a été pris 784 fois
  • Le résultat moyen est 11 sur 20
Statistiques - réponses
Réponse % Correct
Bouffon vert
94%
Venom
93%
Docteur Octopus
92%
Electro
86%
Rhino
78%
Mysterio
77%
Lezard
76%
Vautour
74%
Homme sable
73%
Carnage
61%
Kraven le chasseur
54%
Scorpion
53%
Le Caïd
46%
Black Cat
28%
Cameleon
28%
Morbius
28%
Mister negative
25%
Super Bouffon
25%
Chacal
17%
J Jonah Jameson
11%
Aucun quiz correspondant
Distribution des résultats
% des personnes avec chaque résultat
Percentile par nombre de réponses
Votre historique - résultats
Vous n’avez pas pris ce quiz